BIOLOGICAL SCIENCE (Record no. 11064)

MARC details
000 -LEADER
fixed length control field 00306nam a22001457a 4500
003 - CONTROL NUMBER IDENTIFIER
control field SGT
020 ## - INTERNATIONAL STANDARD BOOK NUMBER
International Standard Book Number 978-93-81390-30-61
082 ## - DEWEY DECIMAL CLASSIFICATION NUMBER
Classification number 574
Item number B16R
100 ## - MAIN ENTRY--PERSONAL NAME
Personal name RANDHAWA,S.S
245 ## - TITLE STATEMENT
Title BIOLOGICAL SCIENCE
260 ## - PUBLICATION, DISTRIBUTION, ETC. (IMPRINT)
Place of publication, distribution, etc JALANDHAR
Name of publisher, distributor, etc S.VIKAS
Year of Publication 2016
300 ## - PAGE DESCRIPTION
No. of Pages 663
650 ## - SUBJECT ADDED ENTRY--TOPICAL TERM
Topical term or geographic name as entry element PHARMACY
942 ## - ADDED ENTRY ELEMENTS (KOHA)
Source of classification or shelving scheme Dewey Decimal Classification
Koha item type Books
Holdings
Withdrawn status Lost status Source of classification or shelving scheme Damaged status Not for loan Collection code Home library Current library Shelving location Date acquired Vendor Name Cost, normal purchase price SGTU Total Checkouts Full call number Accession No. (Barcode) Date last seen Bill Date Koha item type
    Dewey Decimal Classification     PHARMACY SGT FA-FP Library SGT FA-FP Library Reference Book 02/03/2017 AHUJA PUB 825.00 SGTU   574 B16R FP2016 02/03/2017 02/03/2017 Books